000 00405nam a2200169Ia 4500
005 20230720132339.0
008 230720b |||||||| |||| 00| 0 eng d
020 _a81-203-1180-9
082 _a658.4
_bSAD
100 _aS.Sadagopan
245 _aManagement Information Systems
260 _aNew Delhi
_bPHI
_c2003
300 _aXIII;217
500 _aQuantity- 21
650 _aComp-Sc
942 _cBK
999 _c15778
_d15778